zpět

Detail výsledku týmu

The Pub Praha 2 PO, Praha

Datum a čas kvízu

19.5 Celkem bodů Celkový počet nahraných bodů na tomto kvízu bez doplňovacích otázek.
12. Pořadí na kvízu Konečné umístění týmu na tomto kvízu.

Zaznamenané odpovědi

# Otázka Odpověď Body Výsledky
1. Ministerstvo zdravotnictví chy... Reklamy by neměly zobrazovat živé bytosti. 0
2. O tom, že Pláničkova metoda zv... Pomocí virtuální reality. 1
3. V úterý oslavila 80. narozenin... Tina Turner 1
4. Francouzská skupina LVMH (Moët... Tiffany (& Co.) 0
5. Čeští basketbalisté od minuléh... Uruguay, Turecko 0
6. V tomto tématu se podíváme na... kališní lístek 0
7. Časopis Květy je zřejmě nejsta... A 1
8. Nestorka českého ženského teni... Peschke 0
9. Z následujících rostlin vybert... D 0
10. Zřejmě nejslavnější českou fil... dědeček vycinkal 0